A marriage of convenience : ideal and ideology in the Novelas ejemplares /

Bibliographic Details
Main Author: Sears, Theresa Ann, 1953-
Format: Book
Language:English
Published: New York : P. Lang, [1993]
Series:Studies on Cervantes and his times ; vol. 3.
Subjects:

MARC

Tag First Indicator Second Indicator Subfields
LEADER 00000cam a2200000 a 4500
001 in00001402992
005 20151020053114.0
008 920224s1993 nyu b 001 0 eng
010 |a  92008804  
020 |a 0820419060 
035 |a (OCoLC)25508144 
035 |9 AHM7038AM 
040 |a DLC  |c DLC  |d TXA  |d UtOrBLW 
049 |a TXAM 
050 0 0 |a PQ6324.Z5  |b S4 1993 
082 0 0 |a 863/.3  |2 20 
090 |a PQ6324.Z5  |b S43 1993 
100 1 |a Sears, Theresa Ann,  |d 1953- 
245 1 2 |a A marriage of convenience :  |b ideal and ideology in the Novelas ejemplares /  |c Theresa Ann Sears. 
264 1 |a New York :  |b P. Lang,  |c [1993] 
264 4 |c ©1993 
300 |a 225 pages ;  |c 24 cm. 
336 |a text  |b txt  |2 rdacontent 
337 |a unmediated  |b n  |2 rdamedia 
338 |a volume  |b nc  |2 rdacarrier 
490 1 |a Studies on Cervantes and his times,  |v vol. 3 
504 |a Includes bibliographical references (pages [203]-218) and index. 
600 1 0 |a Cervantes Saavedra, Miguel de,  |d 1547-1616.  |t Novelas ejemplares. 
650 0 |a Marriage in literature. 
830 0 |a Studies on Cervantes and his times ;  |v vol. 3. 
948 |a c:ce 
999 |a MARS 
999 f f |s 9a9558dd-7479-3dea-b30c-8b6277a4f81d  |i fe8164ff-43de-3b91-9248-5fa1e32a9b89  |t 0 
952 f f |p normal  |a Texas A&M University  |b College Station  |c Sterling C. Evans Library  |d Evans: Library Stacks  |t 0  |e PQ6324.Z5 S43 1993  |h Library of Congress classification  |i unmediated -- volume  |m A14822461279 
998 f f |a PQ6324.Z5 S43 1993  |t 0  |l Evans: Library Stacks